Contabilidad interna de la industria (Registro nro. 2121)

Detalles MARC
000 -LEADER
fixed length control field 01676 a2200217 4500
001 - CONTROL NUMBER
control field 30786
005 - DATE AND TIME OF LATEST TRANSACTION
control field 20260407155617.0
008 - FIXED-LENGTH DATA ELEMENTS--GENERAL INFORMATION
fixed length control field 260407a1961 arg spa d
003 - CONTROL NUMBER IDENTIFIER
control field AR-UNSa-BCEJYS
040 ## - CATALOGING SOURCE
Original cataloging agency AR-UNSa-BCEJYS
Language of cataloging spa
Transcribing agency AR-UNSa-BCEJYS
080 ## - UNIVERSAL DECIMAL CLASSIFICATION NUMBER
Universal Decimal Classification number 657
Common auxiliary subdivision Contabilidad
100 1# - MAIN ENTRY--PERSONAL NAME
Personal name Hansen, Palle
245 10 - TITLE STATEMENT
Title Contabilidad interna de la industria
264 #1 - PRODUCTION, PUBLICATION, DISTRIBUTION, MANUFACTURE, AND COPYRIGHT NOTICE
Place of production, publication, distribution, manufacture Madrid :
Name of producer, publisher, distributor, manufacturer Aguilar
Date of production, publication, distribution, manufacture, or copyright notice 1961
300 ## - PHYSICAL DESCRIPTION
Extent 307 p.
Dimensions 22 cm.
505 ## - FORMATTED CONTENTS NOTE
Formatted contents note Primera parte: Tratamiento contable de los costes - 1. Concepto de los costes - 2. Principales problemas relativos al tratamiento contable de los costes - 3. Clases de costes - 4. Lugares de costes - 5. Portadores de costes - 6. Diferencias de cálculo - Segunda parte: El plan de cuentas - 7. Objeto del plan de cuentas - 8. Contenido, en principio, del plan de cuentas - 9. Clases de cuentas - 10. Elaboración del plan de cuentas - 11. Resumen de las propuestas más conocidas sobre elaboración de planes de cuentas - Tercera parte: Organización de la contabilidad financiera y de la explotación - 12. Puntos de vista sustentados respecto a la subdivisión de la contabilidad - 13. Formas de organización de la contabilidad financiera y de la explotación - Cuarta parte: Métodos de cálculo - 14. Observaciones preliminares - 15. Influencia de la clase de producción en la elección del método de cálculo - 16. Métodos de cálculo y su aplicación - 17. Esquemas de cálculos generalmente conocidos - 18. Valoración resumida de la importancia del cálculo en el control de la explotación
590 ## - LOCAL NOTE (RLIN)
Local note niveau_biblio:m niveau_hierar:0
700 1# - ADDED ENTRY--PERSONAL NAME
Personal name Koefoed, Arne
700 1# - ADDED ENTRY--PERSONAL NAME
Personal name Suarez Franck, Armando
942 ## - ADDED ENTRY ELEMENTS (KOHA)
Koha item type
Existencias
Withdrawn status Lost status Damaged status Not for loan Home library Current library Shelving location Date acquired Total checkouts Full call number Barcode Date last seen Price effective from Koha item type
        Biblioteca Prof. Eusebio Cleto del Rey Biblioteca Prof. Eusebio Cleto del Rey   07/04/2026   657 H249c L21587 07/04/2026 07/04/2026 Libro
        Biblioteca Prof. Eusebio Cleto del Rey Biblioteca Prof. Eusebio Cleto del Rey   07/04/2026   657 H249c L22809 07/04/2026 07/04/2026 Libro
        Biblioteca Prof. Eusebio Cleto del Rey Biblioteca Prof. Eusebio Cleto del Rey   07/04/2026   657 H249c L22810 07/04/2026 07/04/2026 Libro